<?xml version="1.0" encoding="UTF-8"?>
<collection xmlns="http://www.loc.gov/MARC21/slim">
    <record>
        <controlfield tag="001">3218</controlfield>
        <controlfield tag="005">20190219123707.0</controlfield>
        <datafield tag="020" ind1=" " ind2=" ">
            <subfield code="a">978-84-692-1391-9</subfield>
        </datafield>
        <datafield tag="037" ind1=" " ind2=" ">
            <subfield code="a">TESIS-2009-050</subfield>
        </datafield>
        <datafield tag="041" ind1=" " ind2=" ">
            <subfield code="a">spa</subfield>
        </datafield>
        <datafield tag="100" ind1="1" ind2=" ">
            <subfield code="a">Lozano López, Juan Carlos</subfield>
        </datafield>
        <datafield tag="245" ind1="0" ind2="0">
            <subfield code="a">El pintor Vicente Berdusán (1632-1697) y Aragón</subfield>
            <subfield code="b">Catálogo razonado, clientela y fuentes gráficas, literarias y devocionales de su pintura</subfield>
        </datafield>
        <datafield tag="260" ind1=" " ind2=" ">
            <subfield code="a">Zaragoza</subfield>
            <subfield code="b">Universidad de Zaragoza</subfield>
            <subfield code="c">2004</subfield>
        </datafield>
        <datafield tag="300" ind1=" " ind2=" ">
            <subfield code="a">mult. p</subfield>
        </datafield>
        <datafield tag="500" ind1=" " ind2=" ">
            <subfield code="a">Presentado:  28 06 2004</subfield>
        </datafield>
        <datafield tag="502" ind1=" " ind2=" ">
            <subfield code="a">Tesis-Univ. Zaragoza</subfield>
            <subfield code="b">Zaragoza, Universidad de Zaragoza</subfield>
            <subfield code="c">2004</subfield>
        </datafield>
        <datafield tag="506" ind1=" " ind2=" ">
            <subfield code="a">by-nc-nd</subfield>
            <subfield code="b">Creative Commons</subfield>
            <subfield code="c">3.0</subfield>
            <subfield code="u">https://creativecommons.org/licenses/by-nc-nd/3.0/</subfield>
        </datafield>
        <datafield tag="520" ind1=" " ind2=" ">
            <subfield code="a">Vicente Berdusán (Ejea de los Caballeros, Zaragoza, 1632 - Tudela, Navarra, 1697) es un artista de origen aragonés que vivió y trabajó en Tudela y desarrolló su actividad artística, circunscrita a la pintura religiosa al óleo sobre lienzo (cuadros de caballete y pinturas para retablos), en un amplio territorio que comprende básicamente las actuales comunidades de Navarra, Aragón, País Vasco y La Rioja.   Las desigualdades existentes entre los estudios dedicados a la producción de Berdusán en los distintos territorios donde desplegó su actividad nos llevó a iniciar un trabajo de investigación centrado en las relaciones artísticas de Berdusán y Aragón. Nuestro primer objetivo fue la realización de un catálogo crítico y razonado del pintor, que ha quedado compuesto por ciento cincuenta obras, localizadas principalmente en edificios religiosos. Todas las obras han sido minuciosamente catalogadas y estudiadas con el fin de reconstruir los pormenores de los encargos y de la ejecución; en este sentido, se ha concedido especial importancia al tema de la clientela, que en el caso de Berdusán está compuesta en un alto porcentaje por miembros de la alta y baja nobleza local.  Otro aspecto importante ha sido la búsqueda de fuentes (gráficas, literarias y devocionales) que sirvieron para la definición de los asuntos y de los programas iconográficos.</subfield>
        </datafield>
        <datafield tag="653" ind1=" " ind2=" ">
            <subfield code="a">Berdusán</subfield>
        </datafield>
        <datafield tag="653" ind1=" " ind2=" ">
            <subfield code="a">Barroco</subfield>
        </datafield>
        <datafield tag="653" ind1=" " ind2=" ">
            <subfield code="a">Pintura</subfield>
        </datafield>
        <datafield tag="653" ind1=" " ind2=" ">
            <subfield code="a">Aragón</subfield>
        </datafield>
        <datafield tag="653" ind1=" " ind2=" ">
            <subfield code="a">Baroque</subfield>
        </datafield>
        <datafield tag="653" ind1=" " ind2=" ">
            <subfield code="a">Painting</subfield>
        </datafield>
        <datafield tag="700" ind1=" " ind2=" ">
            <subfield code="a">Álvaro Zamora, María Isabel</subfield>
            <subfield code="e">dir.</subfield>
        </datafield>
        <datafield tag="710" ind1="2" ind2=" ">
            <subfield code="a">Universidad de Zaragoza</subfield>
            <subfield code="b">Historia del Arte</subfield>
        </datafield>
        <datafield tag="856" ind1="0" ind2=" ">
            <subfield code="f">zaguan@unizar.es</subfield>
        </datafield>
        <datafield tag="856" ind1="4" ind2=" ">
            <subfield code="s">24502803</subfield>
            <subfield code="u">http://zaguan.unizar.es/record/3218/files/TESIS-2009-050.pdf</subfield>
            <subfield code="z">Texto completo (spa) 1 de 2</subfield>
        </datafield>
        <datafield tag="856" ind1="4" ind2=" ">
            <subfield code="s">67251097</subfield>
            <subfield code="u">http://zaguan.unizar.es/record/3218/files/TUZ_048_b_lozano_berdusan.pdf</subfield>
            <subfield code="z">Texto completo (spa) - 2 de 2</subfield>
        </datafield>
        <datafield tag="909" ind1="C" ind2="O">
            <subfield code="o">oai:zaguan.unizar.es:3218</subfield>
        </datafield>
        <datafield tag="909" ind1="c" ind2="o">
            <subfield code="p">tesis</subfield>
        </datafield>
        <datafield tag="909" ind1="C" ind2="O">
            <subfield code="p">driver</subfield>
        </datafield>
        <datafield tag="910" ind1="2" ind2=" ">
            <subfield code="a"></subfield>
            <subfield code="b">Historia del Arte</subfield>
        </datafield>
        <datafield tag="980" ind1=" " ind2=" ">
            <subfield code="a">TESIS</subfield>
        </datafield>
    </record>

    
</collection>